| 000 | 01345cas a22003737a 4500 | ||
|---|---|---|---|
| 005 | 20220329142109.0 | ||
| 008 | 990622d19631976mx qr pernn 0 uub1spa d | ||
| 010 | _a78387 | ||
| 011 | _a79359 | ||
| 022 | 1 | _a0187-263X | |
| 035 | _a89581 | ||
| 245 | 0 | 0 |
_aBoletín del Comité Directivo Agrícola del Distrito de Riego No. 14 Río Colorado _c/por Secretaría de Recursos Hidráulicos |
| 260 | 0 |
_aMexicali, B.C. : _bSecretaría de Recursos Hidráulicos _c1963-1976. |
|
| 300 | _av. | ||
| 310 | _aTrimestral | ||
| 362 | 1 | _av.6 n.31,1976. | |
| 500 | _aSe dejó de recibir a partir del v.6 n.31,1976. | ||
| 590 |
_aBATCH-UPD _b10 _c20130110 _lUCH01 _h0453 |
||
| 590 |
_aBATCH-UPD _b10 _c20130410 _lUCH01 _h0130 |
||
| 590 |
_aBATCH-UPD _b10 _c20130914 _lUCH01 _h1209 |
||
| 590 |
_aCONVERSION _b10 _c20130109 _lUCH01 _h1343 |
||
| 650 | 1 | 4 |
_aDistrito de Riego Río Colorado, B.C. _xPublicaciones periódicas. _932918 |
| 650 | 1 | 4 |
_aIrrigación _xPublicaciones periódicas. _960475 |
| 866 | _av.1 n.4 | ||
| 866 | _av.3 n.1-2 (1969) | ||
| 866 | _av.4 n.1-5 (1971) | ||
| 866 | _av.5 n.14,17-18 (1973) | ||
| 866 | _av.5 n.20,22,24 (1974) | ||
| 866 | _av.5 n.25,28 (1975) | ||
| 866 | _av.5 n.7-8,10-11 (1972) | ||
| 866 | _av.6 n.30-31 (1976) | ||
| 901 | _aSE | ||
| 905 | _aMa. del Socorro Iturbe C. | ||
| 999 |
_c78387 _d78387 |
||